| 000 | 00504nam a2200217Ia 4500 | ||
|---|---|---|---|
| 003 | OSt | ||
| 005 | 20240406121741.0 | ||
| 008 | 210210b1936 xxu||||| |||| 00| 0 eng d | ||
| 040 | _cAL | ||
| 041 | _aeng | ||
| 082 | _a828/258 | ||
| 100 |
_aGOW (A S F) _9159323 |
||
| 245 | _aHousman A E | ||
| 260 |
_aCambridge _bAt the University Press _c1936 |
||
| 650 |
_aHousman _9159324 |
||
| 650 |
_aE _9159325 |
||
| 650 |
_aA _9159326 |
||
| 690 |
_aBiography _9159327 |
||
| 906 | _a016103 | ||
| 942 |
_2ddc _cBK |
||
| 999 |
_c135501 _d135501 |
||